[Event "IECG CP.2003.S.00004 email"]
[Site "IECG email"]
[Date "2006.04.01"]
[Round "?"]
[White "Lehnert, Ronald"]
[Black "Kerkvliet, Kees"]
[Result "1-0"]
[WhiteElo "2315"]
[BlackElo "1985"]
[PlyCount "50"]
[EventDate "2006.04.01"]
[EventType "tourn (corr)"]
[EventRounds "6"]
[EventCountry "UKR"]
[SourceTitle "Corr 2008"]
[Source "ChessBase"]
[SourceDate "2008.06.24"]
[SourceVersion "1"]
[SourceVersionDate "2008.06.24"]
[SourceQuality "1"]

1. d4 Nf6 2. c4 e6 3. Nf3 b6 4. g3 Ba6 5. b3 Bb7 6. Bg2 Bb4+ 7. Bd2 a5 8. 0-0 0-0 9. Qc2 h6 10. Bf4 a4 11. Nc3 Bxc3 12. Qxc3 Be4 13. b4 d5 14. Rfc1 Nh5 15. Qe3 Nxf4 16. Qxf4 c6 17. a3 Nd7 18. cxd5 Bxf3 19. Bxf3 cxd5 20. Rc6 Rc8 21. Rac1 Rxc6 22. Rxc6 Nf6 23. Qc1 Qb8 24. e3 Qa7 25. Be2 Rb8 1-0

[Event "IECG WC.2008.P.00001 email"]
[Site "IECG email"]
[Date "2005.03.05"]
[Round "?"]
[White "Kerkvliet, Kees"]
[Black "Fages, Jorge Juan"]
[Result "1/2-1/2"]
[WhiteElo "1922"]
[BlackElo "1921"]
[PlyCount "169"]
[EventDate "2004.03.05"]
[EventType "tourn (corr)"]
[EventRounds "6"]
[SourceTitle "Corr 2008"]
[Source "ChessBase"]
[SourceDate "2008.06.24"]
[SourceVersion "1"]
[SourceVersionDate "2008.06.24"]
[SourceQuality "1"]

1. d4 Nf6 2. c4 e6 3. Nf3 b6 4. g3 Ba6 5. b3 Bb4+ 6. Bd2 Be7 7. Bg2 d5 8. cxd5 exd5 9. Nc3 0-0 10. 0-0 Bb7 11. Rc1 Na6 12. Ne5 Qc8 13. Bg5 Qe6 14. Bxf6 Bxf6 15. e4 dxe4 16. Nxe4 Bxe4 17. Bxe4 Rad8 18. Qc2 Rxd4 19. Bxh7+ Kh8 20. Nc6 Rd6 21. Bd3 Nc5 22. Bf5 Qd5 23. Nxa7 g6 24. b4 Na6 25. Be4 Nxb4 26. Qb1 Qa5 27. Rxc7 Re6 28. Nc6 Nxc6 29. Rxc6 Rxc6 30. Bxc6 Rd8 31. Bb5 Kg7 32. Qb3 Rd2 33. Bc4 Qf5 34. Qe3 Rd4 35. Bb3 b5 36. Qc1 Rd8 37. Qe3 Rd4 38. Qe8 Qd7 39. Qxd7 Rxd7 40. Rc1 b4 41. Rc6 g5 42. Rc4 Be7 43. Kf1 f5 44. Ke2 Kg6 45. h3 Rd8 46. f4 gxf4 47. Rxf4 Rc8 48. g4 fxg4 49. hxg4 Kg5 50. Rf7 Bd6 51. Rg7+ Kf4 52. g5 Be5 53. Rb7 Kxg5 54. Rxb4 Rb8 55. Rc4 Kf5 56. Ke3 Rb7 57. Bc2+ Ke6 58. Rh4 Re7 59. a4 Kd6 60. Rh5 Kc6 61. Kd3 Kb6 62. Bb3 Re8 63. Bc4 Ka5 64. Bb5 Re7 65. Kc4 Bg7 66. Kd5 Re1 67. Rf5 Rc1 68. Kd6 Kb6 69. Rd5 Bf8+ 70. Ke6 Bc5 71. Rf5 Rd1 72. Rh5 Rd4 73. Kf7 Re4 74. Rd5 Rb4 75. Rd8 Kc7 76. Rg8 Rxb5 77. axb5 Kb6 78. Re8 Kxb5 79. Rg8 Kc4 80. Re8 Kd3 81. Rg8 Bd4 82. Re8 Kc3 83. Rg8 Kd3 84. Re8 Kc3 85. Rg8 1/2-1/2

[Event "CFriend WC-2009-P-00001"]
[Site "Chessfriend.com"]
[Date "2005.02.28"]
[Round "1"]
[White "Kerkvliet, Kees"]
[Black "Grennefors, Thomas"]
[Result "0-1"]
[WhiteElo "1981"]
[BlackElo "1812"]
[PlyCount "116"]
[EventDate "2005.??.??"]
[EventType "tourn (corr)"]
[EventRounds "6"]
[SourceTitle "Corr 2008"]
[Source "ChessBase"]
[SourceDate "2008.06.24"]
[SourceVersion "1"]
[SourceVersionDate "2008.06.24"]
[SourceQuality "1"]

1. d4 d5 2. c4 c6 3. Nf3 dxc4 4. e3 Be6 5. Nc3 b5 6. Ng5 Bd7 7. a4 e6 8. Nge4 Nf6 9. Nxf6+ Qxf6 10. Be2 a5 11. Bf3 Ra7 12. 0-0 Be7 13. e4 0-0 14. Be3 Ra6 15. e5 Qg6 16. Qe2 h6 17. axb5 cxb5 18. Bb7 Bc6 19. Bxc6 Nxc6 20. Nxb5 Qd3 21. Qg4 Rb6 22. Rfd1 Qh7 23. Nc7 Rxb2 24. Nxe6 Rfb8 25. Rac1 h5 26. Qf3 Nxe5 27. dxe5 fxe6 28. Rxc4 Qf5 29. Qxf5 exf5 30. Kf1 R2b5 31. f4 Kf7 32. Rc6 Rb1 33. Ke2 Rxd1 34. Kxd1 Ra8 35. Kc2 a4 36. Bd4 a3 37. Kb1 Ra4 38. e6+ Kg6 39. Be5 Re4 40. Rc8 Bf6 41. Rf8 Bxe5 42. e7 Bxf4 43. e8Q+ Rxe8 44. Rxe8 Bxh2 45. Ka2 h4 46. Re3 Kf6 47. Rxa3 g5 48. Kb3 g4 49. Kc4 g3 50. Kd3 h3 51. Ra2 hxg2 52. Rxg2 Kg5 53. Ke2 Kg4 54. Kf1 f4 55. Rc2 f3 56. Rc4+ Kh3 57. Rc1 g2+ 58. Kf2 g1Q+ 0-1

[Event "IECG WC.2009.P.00001"]
[Site "IECG email"]
[Date "2005.02.28"]
[Round "?"]
[White "Kerkvliet, Kees"]
[Black "Kriksciunas, Bronislavas"]
[Result "1/2-1/2"]
[WhiteElo "1981"]
[BlackElo "2106"]
[PlyCount "105"]
[EventDate "2005.02.28"]
[EventType "tourn (corr)"]
[EventRounds "6"]
[SourceTitle "Corr 2008"]
[Source "ChessBase"]
[SourceDate "2008.06.24"]
[SourceVersion "1"]
[SourceVersionDate "2008.06.24"]
[SourceQuality "1"]

1. d4 Nf6 2. c4 e6 3. Nc3 Bb4 4. e3 c5 5. Bd3 0-0 6. Nf3 b6 7. 0-0 Bb7 8. Na4 cxd4 9. exd4 Re8 10. Bg5 Be7 11. Re1 d6 12. Nc3 Nbd7 13. b4 a5 14. Bxf6 Nxf6 15. bxa5 Rxa5 16. Rb1 Qc7 17. Qe2 Bc6 18. Qe3 h6 19. h3 Bxf3 20. Qxf3 d5 21. cxd5 Nxd5 22. Rec1 Rc8 23. Qe4 Nf6 24. Qe3 Qd8 25. Rb3 Nd5 26. Nxd5 Rxc1+ 27. Qxc1 Rxd5 28. Rc3 Qf8 29. Rc8 Rd8 30. Ba6 Bf6 31. Qc7 Rxc8 32. Qxc8 Bxd4 33. Qxf8+ Kxf8 34. g3 Ke7 35. Kg2 e5 36. Bd3 Kd6 37. f3 f5 38. Bxf5 g5 39. a4 h5 40. h4 gxh4 41. gxh4 Kc5 42. Bg6 Kb4 43. Bxh5 Kxa4 44. Be8+ Ka5 45. Kh3 b5 46. h5 b4 47. h6 e4 48. fxe4 b3 49. Bf7 Kb4 50. Kg4 Ka3 51. Bxb3 Kxb3 52. Kf5 Kc4 53. Ke6 1/2-1/2

[Event "CFriend WC-2009-P-00001"]
[Site "Chessfriend.com"]
[Date "2005.02.28"]
[Round "1"]
[White "Willoughby, Peter"]
[Black "Kerkvliet, Kees"]
[Result "1/2-1/2"]
[WhiteElo "1706"]
[BlackElo "1981"]
[PlyCount "45"]
[EventDate "2005.??.??"]
[EventType "tourn (corr)"]
[EventRounds "6"]
[SourceTitle "Corr 2008"]
[Source "ChessBase"]
[SourceDate "2008.06.24"]
[SourceVersion "1"]
[SourceVersionDate "2008.06.24"]
[SourceQuality "1"]

1. e4 e5 2. f4 d5 3. exd5 e4 4. d3 Nf6 5. dxe4 Nxe4 6. Nf3 Bc5 7. Qe2 0-0 8. Qxe4 Re8 9. Ne5 f6 10. Bd3 g6 11. Qc4 Na6 12. b4 Bxb4+ 13. Nd2 b5 14. Qc6 Rb8 15. Bxb5 fxe5 16. Qxe8+ Qxe8 17. Bxe8 Bc3 18. fxe5 Bxa1 19. d6 Bf5 20. d7 Bc3 21. 0-0 Nc5 22. Nf3 Nxd7 23. Bxd7 1/2-1/2

[Event "IECG CP.2003.Q.00016 email"]
[Site "IECG email"]
[Date "2005.01.15"]
[Round "?"]
[White "Kerkvliet, Kees"]
[Black "Abdala, Hilda Noemi"]
[Result "1/2-1/2"]
[WhiteElo "2009"]
[BlackElo "2131"]
[PlyCount "62"]
[EventDate "2005.01.15"]
[EventType "tourn (corr)"]
[EventRounds "6"]
[SourceTitle "Corr 2008"]
[Source "ChessBase"]
[SourceDate "2008.06.24"]
[SourceVersion "1"]
[SourceVersionDate "2008.06.24"]
[SourceQuality "1"]

1. d4 d5 2. c4 e6 3. Nc3 dxc4 4. e4 a6 5. Bxc4 b5 6. Bb3 c5 7. Nf3 cxd4 8. Nxd4 Bb7 9. 0-0 Nc6 10. Be3 Nf6 11. Rc1 Nxd4 12. Bxd4 Rc8 13. e5 Ne4 14. a4 b4 15. Nxe4 Rxc1 16. Qxc1 Qxd4 17. Re1 Be7 18. Qc7 Bxe4 19. Rd1 Bd8 20. Qc8 Bd3 21. Qc6+ Kf8 22. Bc4 Qxe5 23. Bxd3 g6 24. Bxa6 Kg7 25. b3 Be7 26. g3 Rd8 27. Rxd8 Bxd8 28. Bc4 Qd4 29. Qf3 Bb6 30. h4 Qe5 31. Kf1 h5 1/2-1/2

[Event "IECG CP.2003.Q.00016 email"]
[Site "IECG email"]
[Date "2005.01.15"]
[Round "?"]
[White "Kerkvliet, Kees"]
[Black "Keller, Thomas L"]
[Result "1-0"]
[WhiteElo "2009"]
[BlackElo "1899"]
[PlyCount "45"]
[EventDate "2005.01.15"]
[EventType "tourn (corr)"]
[EventRounds "6"]
[SourceTitle "Corr 2008"]
[Source "ChessBase"]
[SourceDate "2008.06.24"]
[SourceVersion "1"]
[SourceVersionDate "2008.06.24"]
[SourceQuality "1"]

1. d4 Nf6 2. c4 e6 3. Nf3 b6 4. g3 Bb7 5. Bg2 Be7 6. 0-0 0-0 7. Nc3 c5 8. d5 exd5 9. cxd5 d6 10. e4 b5 11. Nxb5 Nxe4 12. Bf4 g5 13. Bc1 f5 14. Nd2 a6 15. Na3 Nf6 16. Ndc4 h6 17. Bd2 Nbd7 18. f4 g4 19. Re1 Rf7 20. Ne3 h5 21. Nxf5 Qf8 22. Qb3 Rb8 23. Re6 1-0

[Event "CFriend AH-2004-0-00006 email"]
[Site "Chessfriend.com"]
[Date "2004.04.14"]
[Round "?"]
[White "Berger, Peter"]
[Black "Kerkvliet, Kees"]
[Result "0-1"]
[WhiteElo "1800"]
[BlackElo "1960"]
[PlyCount "44"]
[EventDate "2004.??.??"]
[EventType "tourn (corr)"]
[EventRounds "13"]
[SourceTitle "Corr 2008"]
[Source "ChessBase"]
[SourceDate "2008.06.24"]
[SourceVersion "1"]
[SourceVersionDate "2008.06.24"]
[SourceQuality "1"]

1. Nf3 Nf6 2. c4 b6 3. g3 c5 4. Bg2 Bb7 5. 0-0 e6 6. Nc3 Be7 7. Re1 Ne4 8. d4 Nxc3 9. bxc3 d6 10. d5 e5 11. e4 Nd7 12. h4 0-0 13. Bh3 Bc8 14. Nh2 Ba6 15. Qd3 Nf6 16. Nf1 Rb8 17. a4 Re8 18. Kg2 Ra8 19. Ne3 g6 20. Ng4 Nxg4 21. Bxg4 Bf6 22. Bh6 Qc7 0-1

[Event "CFriend AH-2004-0-00006 email"]
[Site "Chessfriend.com"]
[Date "2004.04.14"]
[Round "?"]
[White "Daus, Peter"]
[Black "Kerkvliet, Kees"]
[Result "1-0"]
[WhiteElo "2239"]
[BlackElo "1971"]
[PlyCount "73"]
[EventDate "2004.??.??"]
[EventType "tourn (corr)"]
[EventRounds "13"]
[SourceTitle "Corr 2008"]
[Source "ChessBase"]
[SourceDate "2008.06.24"]
[SourceVersion "1"]
[SourceVersionDate "2008.06.24"]
[SourceQuality "1"]

1. d4 Nf6 2. c4 e6 3. Nc3 b6 4. e4 Bb7 5. Bd3 Bb4 6. Qc2 c5 7. d5 b5 8. Nge2 exd5 9. exd5 bxc4 10. Bxc4 Nxd5 11. Qb3 Bxc3+ 12. bxc3 Nb6 13. Bxf7+ Kf8 14. 0-0 Nc6 15. Bh5 Ne5 16. a4 Bd5 17. Qd1 Bc6 18. f4 Nec4 19. a5 Nc8 20. f5 Qf6 21. Nf4 Ne7 22. Ne6+ dxe6 23. fxe6 Nf5 24. Qg4 Ncd6 25. Bf4 g6 26. Bxd6+ Kg7 27. Rae1 Qh4 28. Qxh4 Nxh4 29. Be5+ Kh6 30. Bxh8 Rxh8 31. Bg4 Nxg2 32. Re5 Nh4 33. Rxc5 Be8 34. e7 Kg7 35. Be6 g5 36. Rxg5+ Ng6 37. Rc5 1-0

[Event "IECG WC.2008.P.00001 email"]
[Site "IECG email"]
[Date "2004.03.05"]
[Round "?"]
[White "Kerkvliet, Kees"]
[Black "Brousek, Jiri"]
[Result "0-1"]
[WhiteElo "1922"]
[BlackElo "2162"]
[PlyCount "136"]
[EventDate "2004.03.05"]
[EventType "tourn (corr)"]
[EventRounds "6"]
[SourceTitle "Corr 2008"]
[Source "ChessBase"]
[SourceDate "2008.06.24"]
[SourceVersion "1"]
[SourceVersionDate "2008.06.24"]
[SourceQuality "1"]

1. d4 e6 2. c4 f5 3. g3 Nf6 4. Bg2 c6 5. Nh3 Na6 6. 0-0 d5 7. cxd5 exd5 8. Bg5 Be7 9. Nc3 0-0 10. Nf4 Qe8 11. Bxf6 Rxf6 12. Re1 Nc7 13. e3 Ne6 14. Qb3 Bd6 15. Rac1 Ng5 16. a3 Ne4 17. Nfxd5 cxd5 18. Bxe4 fxe4 19. Qxd5+ Re6 20. Nxe4 Be7 21. Nc5 Bxc5 22. Rxc5 Bd7 23. Rec1 Bc6 24. Qc4 Rd8 25. Re5 Rdd6 26. e4 Bd7 27. f3 Rc6 28. Rc5 Rxc5 29. Qxc5 Rf6 30. Qc4+ Kh8 31. Rc3 Bh3 32. d5 Rf8 33. Qd3 Qg6 34. d6 h6 35. e5 Qe6 36. Qd4 Qa2 37. Qd2 Qe6 38. Re3 Qc4 39. Qd1 a5 40. Kf2 a4 41. Qe2 Qd4 42. Ke1 Be6 43. Qd2 Qb6 44. Kf1 Rc8 45. g4 Rc5 46. Kg2 Rd5 47. Qf2 Qa5 48. Qe1 Qc5 49. Kg3 h5 50. Qc3 Qb5 51. h3 g5 52. h4 hxg4 53. Qc7 gxh4+ 54. Kxh4 Qe8 55. Qe7 Qg6 56. Qf8+ Kh7 57. Qe7+ Bf7 58. Qg5 gxf3 59. Rxf3 Rd4+ 60. Rf4 Rxf4+ 61. Qxf4 Be6 62. Qd4 Qg2 63. Qd3+ Kh8 64. Qg3 Qe4+ 65. Kg5 Kg7 66. Kh5+ Kh7 67. Kg5 Qf5+ 68. Kh4 Bd7 0-1

[Event "IECG WC.2008.P.00001 email"]
[Site "IECG email"]
[Date "2004.03.05"]
[Round "?"]
[White "Pott, Brian"]
[Black "Kerkvliet, Kees"]
[Result "1/2-1/2"]
[WhiteElo "1607"]
[BlackElo "1922"]
[PlyCount "111"]
[EventDate "2004.03.05"]
[EventType "tourn (corr)"]
[EventRounds "6"]
[SourceTitle "Corr 2008"]
[Source "ChessBase"]
[SourceDate "2008.06.24"]
[SourceVersion "1"]
[SourceVersionDate "2008.06.24"]
[SourceQuality "1"]

1. e4 c5 2. Nf3 d6 3. d4 cxd4 4. Nxd4 Nf6 5. Nc3 e6 6. Be3 Nc6 7. Bc4 Be7 8. Qe2 a6 9. 0-0-0 Qc7 10. Bb3 0-0 11. Rhg1 Nd7 12. g4 Nc5 13. Nf5 b5 14. Bd5 Bb7 15. g5 Rfc8 16. Qh5 g6 17. Nh6+ Kf8 18. Qh3 b4 19. Bxc5 dxc5 20. Bxc6 Bxc6 21. Qf3 Bxg5+ 22. Rxg5 bxc3 23. Qf6 Ke8 24. Rxc5 cxb2+ 25. Kxb2 Qe7 26. Qc3 Rab8+ 27. Ka1 Qb7 28. Qg7 Qe7 29. Rc4 Qf8 30. Qe5 Qxh6 31. Rxc6 Qh5 32. Qxh5 gxh5 33. Rxc8+ Rxc8 34. Kb2 Ke7 35. Rd2 Rb8+ 36. Kc3 Rb1 37. Kd3 e5 38. c4 Rh1 39. f3 Kd6 40. Kc3+ Kc6 41. a4 Rf1 42. Kb4 Rxf3 43. c5 Rf4 44. Rd6+ Kb7 45. Rb6+ Ka7 46. Ka5 Rxe4 47. Rxa6+ Kb7 48. Rb6+ Kc7 49. Kb5 Rf4 50. Rc6+ Kd7 51. Rd6+ Kc8 52. a5 Rf2 53. a6 Rb2+ 54. Kc6 Ra2 55. Kb6 Rb2+ 56. Kc6 1/2-1/2

[Event "IECG CP.2003.P.00057 email"]
[Site "IECG email"]
[Date "2003.10.01"]
[Round "?"]
[White "Boychuk, Taras"]
[Black "Kerkvliet, Kees"]
[Result "1-0"]
[WhiteElo "2190"]
[BlackElo "1901"]
[PlyCount "51"]
[EventDate "2003.10.01"]
[EventType "tourn (corr)"]
[EventRounds "6"]
[EventCountry "UKR"]
[SourceTitle "Corr 2008"]
[Source "ChessBase"]
[SourceDate "2008.06.24"]
[SourceVersion "1"]
[SourceVersionDate "2008.06.24"]
[SourceQuality "1"]

1. d4 Nf6 2. c4 e6 3. Nc3 Bb4 4. e3 0-0 5. Bd3 d5 6. Nf3 c5 7. 0-0 dxc4 8. Bxc4 Nbd7 9. Qe2 cxd4 10. exd4 Nb6 11. Bd3 Nbd5 12. Nxd5 Nxd5 13. Bg5 Be7 14. Bxe7 Qxe7 15. Qe4 Nf6 16. Qh4 Qb4 17. g4 h6 18. g5 hxg5 19. Nxg5 Rd8 20. Rad1 Qa5 21. Nh7 Nd5 22. Kh1 f5 23. Rg1 Rd7 24. Rde1 Qb6 25. Nf8 Nf6 26. Nxd7 1-0

[Event "IECG CP.2002.Q.00008 email"]
[Site "IECG email"]
[Date "2003.10.01"]
[Round "?"]
[White "Kerkvliet, Kees"]
[Black "Blom, Erik"]
[Result "0-1"]
[WhiteElo "1901"]
[BlackElo "2140"]
[PlyCount "102"]
[EventDate "2003.10.01"]
[EventType "tourn (corr)"]
[EventRounds "10"]
[SourceTitle "Corr 2008"]
[Source "ChessBase"]
[SourceDate "2008.06.24"]
[SourceVersion "1"]
[SourceVersionDate "2008.06.24"]
[SourceQuality "1"]

1. d4 d5 2. c4 e6 3. Nc3 c6 4. Nf3 dxc4 5. a4 Bb4 6. e3 b5 7. Bd2 Bb7 8. b3 a5 9. axb5 Bxc3 10. Bxc3 cxb5 11. bxc4 b4 12. Bb2 Nf6 13. Bd3 Nbd7 14. 0-0 0-0 15. Re1 Re8 16. c5 Bc6 17. Bc2 Qc7 18. e4 Reb8 19. Bc1 h6 20. e5 Nd5 21. Bd2 Nf8 22. Nh4 Qd7 23. Qg4 f5 24. Nxf5 exf5 25. Bxf5 Qf7 26. Bxh6 Ne7 27. Bd3 Bd7 28. Qg3 Ne6 29. Be3 Bc6 30. Qh3 g6 31. Qg4 a4 32. Bc4 Bd5 33. Bxd5 Nxd5 34. Qe4 Nc3 35. Qc2 Rd8 36. Qb2 Rdb8 37. Qc2 Rd8 38. Qb2 Rab8 39. f3 a3 40. Qf2 Ra8 41. Kh1 b3 42. Qd2 Nd5 43. Bg1 b2 44. Rxa3 Rxa3 45. Qxb2 Rda8 46. Rc1 Ra2 47. Qb3 Nef4 48. Rc2 R2a3 49. Qb2 Ra1 50. Rc1 R1a2 51. Qb3 Rxg2 0-1

[Event "IECG CP.2002.Q.00008 email"]
[Site "IECG email"]
[Date "2003.10.01"]
[Round "?"]
[White "Kerkvliet, Kees"]
[Black "Horak, Jiri"]
[Result "1/2-1/2"]
[WhiteElo "1901"]
[BlackElo "2212"]
[PlyCount "89"]
[EventDate "2003.10.01"]
[EventType "tourn (corr)"]
[EventRounds "10"]
[SourceTitle "Corr 2008"]
[Source "ChessBase"]
[SourceDate "2008.06.24"]
[SourceVersion "1"]
[SourceVersionDate "2008.06.24"]
[SourceQuality "1"]

1. d4 e6 2. c4 d5 3. Nc3 Nf6 4. Nf3 c6 5. Bg5 h6 6. Bxf6 Qxf6 7. e3 Nd7 8. Bd3 dxc4 9. Bxc4 g6 10. 0-0 Bg7 11. Rc1 0-0 12. e4 e5 13. d5 Nb6 14. dxc6 bxc6 15. Be2 Rd8 16. Qc2 Be6 17. b3 a5 18. Nb1 Rdc8 19. Nbd2 a4 20. b4 Bf8 21. a3 c5 22. b5 c4 23. Qb2 Rc5 24. Nb1 h5 25. Rfd1 h4 26. h3 Qf4 27. Nc3 Rcc8 28. Nh2 Bc5 29. Bg4 f5 30. Bf3 fxe4 31. Nxe4 Bd4 32. Qe2 Rf8 33. Ng4 Rac8 34. Ne3 Kg7 35. Rc2 c3 36. Rd3 Bb3 37. Rcxc3 Bxc3 38. Nxc3 Rfd8 39. Rxd8 Rxd8 40. Be4 Rd6 41. Qe1 Bf7 42. Bf3 Rd3 43. Ne2 Qg5 44. Nc3 Be6 45. Be4 1/2-1/2

[Event "IECG CP.2002.Q.00008 email"]
[Site "IECG email"]
[Date "2003.10.01"]
[Round "?"]
[White "Leoni, Alessandro"]
[Black "Kerkvliet, Kees"]
[Result "1/2-1/2"]
[WhiteElo "2010"]
[BlackElo "1901"]
[PlyCount "94"]
[EventDate "2003.10.01"]
[EventType "tourn (corr)"]
[EventRounds "10"]
[SourceTitle "Corr 2008"]
[Source "ChessBase"]
[SourceDate "2008.06.24"]
[SourceVersion "1"]
[SourceVersionDate "2008.06.24"]
[SourceQuality "1"]

1. e4 c5 2. Nf3 Nc6 3. d4 cxd4 4. Nxd4 Nf6 5. Nc3 d6 6. Bc4 Qb6 7. Ndb5 a6 8. Be3 Qa5 9. Nd4 e6 10. 0-0 Be7 11. Bb3 0-0 12. f4 Bd7 13. f5 Nxd4 14. Bxd4 exf5 15. Nd5 Nxd5 16. Bxd5 fxe4 17. Bxb7 Rac8 18. Bxe4 Bd8 19. Qd3 g6 20. c4 Be6 21. b3 d5 22. Bxd5 Bxd5 23. cxd5 Qxd5 24. Rad1 Bh4 25. Qd2 Bg5 26. Qf2 Rcd8 27. Qc2 Rc8 28. Qb2 Rfe8 29. Kh1 Qe4 30. Bc3 Qe2 31. Qa1 Re4 32. Rde1 Qc2 33. Bh8 Bh6 34. Rxe4 Qxe4 35. Re1 Qc2 36. h3 a5 37. Bb2 a4 38. bxa4 Qxa4 39. Qd1 Qb4 40. Qe2 Bg7 41. Bxg7 Kxg7 42. Qe5+ Kg8 43. Re2 Qa4 44. Kh2 Qd7 45. Rb2 Qa7 46. Qf4 Ra8 47. a4 Rc8 1/2-1/2

[Event "IECG CP.2002.Q.00008 email"]
[Site "IECG email"]
[Date "2003.10.01"]
[Round "?"]
[White "Wurschner, Miroslav"]
[Black "Kerkvliet, Kees"]
[Result "1-0"]
[WhiteElo "2255"]
[BlackElo "1901"]
[PlyCount "81"]
[EventDate "2003.10.01"]
[EventType "tourn (corr)"]
[EventRounds "10"]
[SourceTitle "Corr 2008"]
[Source "ChessBase"]
[SourceDate "2008.06.24"]
[SourceVersion "1"]
[SourceVersionDate "2008.06.24"]
[SourceQuality "1"]

1. Nf3 Nf6 2. d4 e6 3. c4 b6 4. Nc3 Bb4 5. Bg5 Bb7 6. e3 h6 7. Bh4 g5 8. Bg3 Ne4 9. Qc2 Bxc3+ 10. bxc3 Nxg3 11. hxg3 Nc6 12. Rh5 Qf6 13. g4 Ne7 14. Nd2 d6 15. Be2 0-0-0 16. a4 a5 17. Rb1 Kb8 18. Qb3 e5 19. Bf3 Bxf3 20. gxf3 Ka7 21. Qb5 Qe6 22. c5 dxc5 23. dxc5 Rb8 24. c4 Nc6 25. Ne4 Rhd8 26. Kf1 Qg6 27. Rh1 Qe6 28. Kg2 Qg6 29. Rhd1 Rxd1 30. Rxd1 Qe6 31. Nd6 Qd7 32. Rd5 e4 33. Nxe4 Qe6 34. Nd6 Qd7 35. Nxf7 Qe6 36. Ne5 Nxe5 37. Rxe5 Qf6 38. cxb6+ cxb6 39. c5 Rb7 40. cxb6+ Qxb6 41. Qxa5+ 1-0

[Event "CFriend SI-2003-0-00011 email"]
[Site "Chessfriend.com"]
[Date "2003.08.05"]
[Round "?"]
[White "Kerkvliet, Kees"]
[Black "Staven, Pekka"]
[Result "1-0"]
[WhiteElo "1927"]
[BlackElo "1957"]
[PlyCount "35"]
[EventDate "2003.08.05"]
[EventType "tourn (corr)"]
[EventRounds "12"]
[SourceTitle "Corr 2008"]
[Source "ChessBase"]
[SourceDate "2008.06.24"]
[SourceVersion "1"]
[SourceVersionDate "2008.06.24"]
[SourceQuality "1"]

1. d4 Nf6 2. c4 c6 3. Nf3 d5 4. Nc3 Nbd7 5. e3 e6 6. Bd3 dxc4 7. Bxc4 b5 8. Bd3 Bd6 9. 0-0 0-0 10. Qc2 Bb7 11. a3 a6 12. b4 a5 13. Rb1 axb4 14. axb4 Qe7 15. e4 e5 16. dxe5 Nxe5 17. Nxe5 Bxe5 18. Ne2 1-0

[Event "CFriend SI-2003-0-00011 email"]
[Site "Chessfriend.com"]
[Date "2003.08.05"]
[Round "?"]
[White "Kerkvliet, Kees"]
[Black "Weiss, Frederic J Marie"]
[Result "1-0"]
[WhiteElo "1922"]
[BlackElo "1705"]
[PlyCount "49"]
[EventDate "2003.08.05"]
[EventType "tourn (corr)"]
[EventRounds "12"]
[SourceTitle "Corr 2008"]
[Source "ChessBase"]
[SourceDate "2008.06.24"]
[SourceVersion "1"]
[SourceVersionDate "2008.06.24"]
[SourceQuality "1"]

1. d4 d5 2. c4 dxc4 3. Nf3 Nf6 4. e3 a6 5. Bxc4 b5 6. Be2 Bb7 7. 0-0 e6 8. a4 b4 9. Nbd2 Nbd7 10. Nc4 Be7 11. Nfe5 c5 12. Bd2 cxd4 13. exd4 0-0 14. a5 Nd5 15. Bd3 Rc8 16. Qg4 N7f6 17. Qh3 Bd6 18. Bg5 g6 19. Nb6 Rc7 20. Nxd5 Bxd5 21. Bxa6 Be7 22. Bh6 Re8 23. Bb5 Nd7 24. Nxd7 Rxd7 25. Rfc1 1-0

[Event "CFriend SI-2003-0-00011 email"]
[Site "Chessfriend.com"]
[Date "2003.08.05"]
[Round "?"]
[White "Valdez Aguero, Daniel"]
[Black "Kerkvliet, Kees"]
[Result "0-1"]
[WhiteElo "1666"]
[BlackElo "1971"]
[PlyCount "88"]
[EventDate "2003.08.05"]
[EventType "tourn (corr)"]
[EventRounds "12"]
[SourceTitle "Corr 2008"]
[Source "ChessBase"]
[SourceDate "2008.06.24"]
[SourceVersion "1"]
[SourceVersionDate "2008.06.24"]
[SourceQuality "1"]

1. d4 Nf6 2. c4 e6 3. Nf3 b6 4. g3 Ba6 5. b3 Bb4+ 6. Bd2 Be7 7. Bg2 d5 8. Bc3 0-0 9. Nbd2 Nbd7 10. Ne5 Nxe5 11. dxe5 Ng4 12. Nf3 c5 13. e3 dxc4 14. Nd2 Qd3 15. Rc1 Qf5 16. Bf3 Nxe5 17. Bxe5 Qxe5 18. Nxc4 Bxc4 19. Rxc4 Rad8 20. Qc1 Rd7 21. 0-0 Rfd8 22. Rd1 Rxd1+ 23. Bxd1 Qd5 24. Bg4 Bf6 25. Rc2 h5 26. Be2 h4 27. Bf1 a5 28. gxh4 Bxh4 29. Bg2 Qd3 30. Bf1 Qg6+ 31. Bg2 a4 32. Rc4 axb3 33. axb3 Qh5 34. f3 Bg5 35. Rc3 Bf6 36. Rc4 Rd3 37. b4 Qd5 38. Qc2 Rd2 39. Qe4 Qg5 40. f4 Rd1+ 41. Kf2 Qh4+ 42. Ke2 Qe1+ 43. Kf3 Rd2 44. Kg4 Qh4+ 0-1

[Event "IECG CD.2003.0.00056 email"]
[Site "IECG email"]
[Date "2003.04.22"]
[Round "?"]
[White "Ahmed, Kabir"]
[Black "Kerkvliet, Kees"]
[Result "0-1"]
[WhiteElo "1500"]
[BlackElo "1500"]
[PlyCount "24"]
[EventDate "2003.04.22"]
[EventType "tourn (corr)"]
[EventRounds "6"]
[SourceTitle "Corr 2008"]
[Source "ChessBase"]
[SourceDate "2008.06.24"]
[SourceVersion "1"]
[SourceVersionDate "2008.06.24"]
[SourceQuality "1"]

1. e4 c5 2. d4 cxd4 3. Nf3 Nc6 4. Nxd4 e6 5. Nc3 Qc7 6. Bb5 Nf6 7. 0-0 Nxd4 8. Qxd4 Bd6 9. h3 Bh2+ 10. Kh1 Be5 11. Qd3 a6 12. Bc4 b5 0-1

[Event "IECG CD.2003.0.00056 email"]
[Site "IECG email"]
[Date "2003.04.22"]
[Round "?"]
[White "Loven, Jonas"]
[Black "Kerkvliet, Kees"]
[Result "0-1"]
[WhiteElo "1588"]
[BlackElo "1500"]
[PlyCount "46"]
[EventDate "2003.04.22"]
[EventType "tourn (corr)"]
[EventRounds "6"]
[SourceTitle "Corr 2008"]
[Source "ChessBase"]
[SourceDate "2008.06.24"]
[SourceVersion "1"]
[SourceVersionDate "2008.06.24"]
[SourceQuality "1"]

1. e4 c5 2. Nf3 e6 3. d4 cxd4 4. Nxd4 a6 5. Nc3 b5 6. Bd3 d6 7. 0-0 Nf6 8. Qe2 Be7 9. f4 Bb7 10. a4 b4 11. Nd1 0-0 12. a5 Nc6 13. Be3 Nxa5 14. Nf2 Nd7 15. Bd2 Qb6 16. Kh1 Bf6 17. Be3 Bxd4 18. Bxd4 Qxd4 19. Rxa5 Qxb2 20. Bxa6 Nb8 21. Nd3 Qc3 22. Bxb7 Rxa5 23. f5 Ra7 0-1